00618nam a2200169 4500001000700000003000900007005001700016007000300033008004100036100006200077245007800139260004000217300003000257852002200287999001900309952012000328113477ES-MaACL20250929063149.0t|061121s1923 fr r ||||1| fre d1 aNobécourt, Pierre André Alexandre, d1871-194398580014aLes syndromes endocriniens dans lenfance et la jeunesse / cP. Nobecourt. aParis : bErnst Flammarion, c1923. a314 p. : bil. ; c19 cm. aES-MaACLjB-11740 c113477d113477 00104070aATENEOMbATENEOMcSPBd2008-01-17eSCl0oB-11740p1118353r2023-02-23 00:00:00w2023-02-23yMONOGRAFIA